000 00463nam a2200181 4500
005 20250612095730.0
008 250612b |||||||| |||| 00| 0 eng d
020 _a9788172451127
_qpbk
041 _aeng
082 _a794.1
_bGRI;1
100 _aGreif, Martin
245 _a200 Challenging Chess Puzzles
260 _aNew Delhi
_bGoodwill Publishing House
_c2023
300 _a143p.
650 _aChildren book
700 _aMartin Greif
942 _cENGLISH
999 _c571956
_d571956